80s Movie Character by Picture - Statistics

General Stats
  • This quiz has been taken 237 times
  • The average score is 8 of 16
Answer Stats
Picture Answer % Correct
E.T.
95%
Indiana Jones
93%
Ferris Bueller
82%
Maverick
80%
Robocop
74%
Emperor Palpatine
62%
Doc Brown
58%
Daniel LaRusso
50%
Prince Eric
45%
Bill Preston
43%
Inigo Montoya
36%
Sarah Connor
36%
Clubber Lang
29%
Mikey Walsh
26%
Littlefoot
22%
Prince Akeem Joffer
14%
No matching quizzes found
Score Distribution
Percent of People with Each Score
Percentile by Number Answered
Your Score History
You have not taken this quiz